000 00903nam a2200205 4500
001 112488
003 ES-MaACL
005 20250809062403.0
007 t|
008 061121s1945 sp r ||||1| spa d
100 1 _aOrtega Pardo, Gregorio.
_987485
245 1 0 _aNaturaleza jurídica del llamado ` legado en lugar de la legítima` /
_cGregorio Ortega Pardo.
260 _aMadrid :
_bMinisterio de Justicia y Consejo Superior de Investigaciones Científicas,
_c1945.
300 _a175 p. ;
_c20 cm.
490 1 _aPublicaciones del Instituto Nacional de Estudios Jurídicos. Serie 3ª Monografías de Derecho Español ; n. 1
710 2 _aInstituto Nacional de Estudios Jurídicos (España)
_95163
830 0 0 _aPublicaciones del Instituto Nacional de Estudios Jurídicos.
_pMonografías de derecho español
_9186868
852 _aES-MaACL
_jC-4522
_bR.25040
999 _c112488
_d112488